Proceedings - annual symposium on visibility and driving.

Bibliographic Details
Corporate Authors: Symposium on Visibility and Driving, Symposium on Visibility in the Driving Task
Format: Conference Proceeding
Language:English
Published: [Place of publication not identified] : [publisher not identified]
Subjects:

MARC

Tag First Indicator Second Indicator Subfields
LEADER 00000cas a2200000 4500
001 in00000043011
005 20151007064956.0
008 800527c19689999xx ar 1uuua1eng d
035 |a (OCoLC)06359557 
035 |9 AAE1004AM 
040 |a TXA  |c TXA  |d UtOrBLW 
049 |a TXAE 
090 |a TL152.5  |b .S8 
111 2 |a Symposium on Visibility and Driving. 
245 1 0 |a Proceedings - annual symposium on visibility and driving. 
247 0 0 |a Proceedings of the annual Symposium on Visibility in the Driving Task  |f 1st, 1968 
264 1 |a [Place of publication not identified] :  |b [publisher not identified] 
300 |a  volumes :  |b illustrations  |a annual. 
336 |a text  |b txt  |2 rdacontent 
337 |a unmediated  |b n  |2 rdamedia 
338 |a volume  |b nc  |2 rdacarrier 
362 0 |a 1st- 1968- 
650 0 |a Automobile driving in bad weather  |x Congresses. 
650 0 |a Visibility  |x Congresses. 
711 2 |a Symposium on Visibility in the Driving Task. 
999 |a MARS 
999 f f |s d82296d7-75b7-3f92-86c0-274d3731bab3  |i 274f4491-4783-376d-b4e3-2220c52d7227  |t 0 
952 f f |p noncirc  |a Texas A&M University  |b College Station  |c Cushing Memorial Library & Archives  |d Cushing: Texas A&M Publications (Remote Storage: 2-3 day retrieval)  |t 0  |e TL152.5 .S8  |h Library of Congress classification  |i unmediated -- volume 
998 f f |a TL152.5 .S8  |s 1st (1968)  |t 0  |l Cushing: Texas A&M Publications (Remote Storage: 2-3 day retrieval)